LEADER 01449nam 2200433 450 001 9910158615403321 005 20230810001702.0 010 $a1-5081-7255-2 035 $a(CKB)3710000001010256 035 $a(MiAaPQ)EBC5384557 035 $a(EXLCZ)993710000001010256 100 $a20180711d2017 ay 0 101 0 $aeng 135 $aurcnu|||||||| 181 $ctxt$2rdacontent 182 $cc$2rdamedia 183 $acr$2rdacarrier 200 10$aCleopatra /$fZoe Lowery and Julian Morgan 210 1$aNew York, New York :$cRosen Publishing,$d2017. 215 $a1 online resource (114 pages) 225 1 $aLeaders of the ancient world 311 $a1-5081-7254-4 320 $aIncludes bibliographical references and index. 327 $aPaving the way for Cleopatra -- Cleopatra and Caesar -- Gods and rulers -- Egypt's kingdom restored -- Riding along the road to ruin -- Always a queen. 410 0$aLeaders of the ancient world. 606 $aQueens$zEgypt$vBiography$vJuvenile literature 607 $aRome$xHistory$yRepublic, 265-30 B.C$vJuvenile literature 607 $aEgypt$xHistory$y332-30 B.C$vJuvenile literature 615 0$aQueens 676 $a932/.021092 700 $aLowery$b Zoe$01207971 702 $aMorgan$b Julian$f1958- 801 0$bMiAaPQ 801 1$bMiAaPQ 801 2$bMiAaPQ 906 $aBOOK 912 $a9910158615403321 996 $aCleopatra$92786910 997 $aUNINA LEADER 01613nam 2200553 450 001 9910825020903321 005 20230809233516.0 010 $a1-118-89449-9 010 $a1-118-89450-2 010 $a1-118-89448-0 035 $a(CKB)4330000000007398 035 $a(MiAaPQ)EBC4856145 035 $a(DLC) 2017004075 035 $a(Au-PeEL)EBL4856145 035 $a(CaPaEBR)ebr11382770 035 $a(CaONFJC)MIL1009577 035 $a(OCoLC)987077134 035 $a(EXLCZ)994330000000007398 100 $a20170528h20172017 uy 0 101 0 $aeng 135 $aurcnu|||||||| 181 $2rdacontent 182 $2rdamedia 183 $2rdacarrier 200 10$aOptimization of energy systems /$fIbrahim Dincer, Marc A Rosen, Pouria Ahmadi 210 1$aChichester, West Sussex, United Kingdom :$cWiley,$d2017. 210 4$dİ2017 215 $a1 online resource (472 pages) 311 $a1-118-89443-X 320 $aIncludes bibliographical references and index. 606 $aPower (Mechanics) 606 $aPower resources 606 $aEnergy conservation 606 $aSustainable engineering 615 0$aPower (Mechanics) 615 0$aPower resources. 615 0$aEnergy conservation. 615 0$aSustainable engineering. 676 $a621.042 700 $aDinc?er$b I?brahim$f1964-$0421460 702 $aRosen$b Marc$g(Marc A.), 702 $aAhmadi$b Pouria 801 0$bMiAaPQ 801 1$bMiAaPQ 801 2$bMiAaPQ 906 $aBOOK 912 $a9910825020903321 996 $aOptimization of energy systems$94076573 997 $aUNINA